History Quiz

Random History or Politics Quiz
Score 0/15 Timer 06:00
229 Plays Today
% Correct
China 1938- Promotional photo for the birth of the puppet nation
94.6%
India 1930- Gandhi during the Salt March
89.9%
Italy 1938- Hitler and Mussolini in Florence
89.2%
UK 1938-Chamberlain's 'Peace In Our Time' speech after meeting Hitler
87%
Russia 1937- Nikolai Yezhov with Joseph Stalin
84%
Germany 1933- Burning books which undermined the Nazi Party in Berlin
81%
Poland 1939- Invasion of Poland by Germany forces
75.3%
USA 1932- The burning of Anacostia Flats Bonus Army huts
72.2%
% Correct
France 1934- Alexander the 1st of Yugoslavia in Marseille
45.7%
Spain 1937- The bombing of Guernica by the German Luftwaffe 'Condor Legion'
45.6%
Ethiopia 1935- Abyssinian child sniper fighting Italian soldiers
44.4%
Japan 1932- Emperor Hirohito inspecting ear trumpets to detect enemy planes
39.2%
Switzerland 1936- Haile Selassie protests the invasion of Abyssinia
19.3%
Czechoslovakia 1937- Funeral of the first president of Czechoslovakia
18%
Brazil 1930- Getúlio Vargas after the coup d'etat which overthrew Luís
12.3%
Remove Ads.
Support Sporcle.
Get the best of Sporcle when you Go Orange. This ad-free experience offers more features, more stats, and more fun while also helping to support Sporcle. Thank you for becoming a member.

You're not logged in!

Compare scores with friends on all Sporcle quizzes.
OR
Log In

Show Comments

Extras

Top Quizzes Today


Score Distribution

Your Account Isn't Verified!

In order to create a playlist on Sporcle, you need to verify the email address you used during registration. Go to your Sporcle Settings to finish the process.

Report this User

Report this user for behavior that violates our Community Guidelines.

Details: